[Event "EU-chT (Women) 16th"]
[Site "Heraklio"]
[Date "2007.10.29"]
[Round "2"]
[White "Atalik, Ekaterina"]
[Black "Moser, Eva"]
[Result "1/2-1/2"]
[WhiteElo "2404"]
[BlackElo "2412"]
[PlyCount "89"]
[EventDate "2007.10.28"]
[EventType "tourn"]
[EventRounds "9"]
[EventCountry "GRE"]
[SourceTitle "EXT 2008"]
[Source "ChessBase"]
[SourceDate "2007.11.25"]
[SourceVersion "1"]
[SourceVersionDate "2007.11.25"]
[SourceQuality "1"]
[WhiteTeam "Turkey (W)"]
[BlackTeam "Austria (W)"]
[WhiteTeamCountry "TUR"]
[BlackTeamCountry "AUT"]

1. Nf3 d5 2. d4 Nf6 3. c4 c6 4. Qb3 dxc4 5. Qxc4 Bf5 6. g3 e6 7. Bg2 Nbd7 8.
Nc3 Be7 9. O-O O-O 10. Re1 Ne4 11. Qb3 Qb6 12. Nh4 Qxb3 13. axb3 Bb4 14. Bxe4
Bxe4 15. Ra4 Bxc3 16. bxc3 c5 17. dxc5 Nxc5 18. Rc4 b6 19. Ba3 Bd5 20. Bxc5
bxc5 21. Rxc5 Bxb3 22. Ra1 Rac8 23. Rxc8 Rxc8 24. Rxa7 f6 25. Ng2 Rxc3 26. Ne3
Rc8 27. f4 Rd8 28. Ra3 Rb8 29. Ra7 Rd8 30. Kf2 Bd5 31. h4 h5 32. Ra5 Rd7 33. f5
Kf7 34. Nxd5 exd5 35. Kf3 g6 36. Kf4 d4 37. fxg6+ Kxg6 38. Ra3 Re7 39. Kf3 Kf5
40. Ra8 Re3+ 41. Kf2 Kg4 42. Rd8 Kh3 43. Rxd4 Rxg3 44. Rd5 Kxh4 45. Rxh5+
1/2-1/2

[Event "EU-chT (Women) 16th"]
[Site "Heraklio"]
[Date "2007.10.28"]
[Round "1"]
[White "Bojkovic, Natasa"]
[Black "Moser, Eva"]
[Result "0-1"]
[WhiteElo "2428"]
[BlackElo "2412"]
[PlyCount "119"]
[EventDate "2007.10.28"]
[EventType "tourn"]
[EventRounds "9"]
[EventCountry "GRE"]
[SourceTitle "EXT 2008"]
[Source "ChessBase"]
[SourceDate "2007.11.25"]
[SourceVersion "1"]
[SourceVersionDate "2007.11.25"]
[SourceQuality "1"]
[WhiteTeam "Yugoslavia (W)"]
[BlackTeam "Austria (W)"]
[WhiteTeamCountry "YUG"]
[BlackTeamCountry "AUT"]

1. e4 e6 2. d4 d5 3. Nd2 c5 4. exd5 exd5 5. Ngf3 Nf6 6. Bb5+ Bd7 7. Bxd7+ Nbxd7
8. O-O Be7 9. dxc5 Nxc5 10. Re1 O-O 11. Nf1 Nce4 12. Be3 Qc7 13. Bd4 Bc5 14.
Ne3 Rad8 15. c3 Rfe8 16. Qa4 Bxd4 17. Qxd4 a6 18. Rad1 h6 19. h3 Qa5 20. a3 Qc7
21. Qa4 Nc5 22. Qc2 Ne6 23. Re2 Nf4 24. Ree1 Qc8 25. Rd4 Ne6 26. Rd2 Nf4 27.
Qd1 Re4 28. Nh2 Rde8 29. Rf1 Qc5 30. Nf5 Qc7 31. Ng3 R4e6 32. Rd4 Ne4 33. Nh5
Nxc3 34. bxc3 Ne2+ 35. Kh1 Nxd4 36. Qxd4 Qe5 37. Nf4 Qxd4 38. cxd4 Re4 39. Nxd5
Rxd4 40. Ne3 Ra4 41. Rb1 Rxa3 42. Rxb7 Rexe3 43. fxe3 Ra1+ 44. Nf1 Rxf1+ 45.
Kh2 h5 46. Ra7 Rf6 47. h4 Re6 48. g3 f5 49. Kg2 g6 50. Kf3 Kf8 51. Ke2 Rd6 52.
Kf3 Re6 53. Ke2 Ke8 54. Kd3 Kd8 55. Rg7 a5 56. Ra7 Re4 57. Rxa5 Rg4 58. Ke2
Rxg3 59. Ra1 Ke7 60. Rh1 0-1

[Event "Balaguer op 12th"]
[Site "Balaguer"]
[Date "2007.07.24"]
[Round "9"]
[White "Arizmendi Martinez, Julen Luis"]
[Black "Moser, Eva"]
[Result "1-0"]
[WhiteElo "2522"]
[BlackElo "2424"]
[PlyCount "91"]
[EventDate "2007.07.16"]
[EventType "swiss"]
[EventRounds "10"]
[EventCountry "ESP"]
[SourceTitle "CBM 119 Extra"]
[Source "ChessBase"]
[SourceDate "2007.09.04"]
[SourceVersion "1"]
[SourceVersionDate "2007.09.04"]
[SourceQuality "1"]

1. e4 e6 2. d4 d5 3. Nd2 Nf6 4. e5 Nfd7 5. c3 c5 6. f4 Nc6 7. Ndf3 cxd4 8. cxd4
f5 9. Bd3 Nb6 10. Ne2 Be7 11. O-O Bd7 12. Kh1 O-O 13. Rg1 Be8 14. h3 Bg6 15. a3
Rc8 16. b3 a5 17. Be3 a4 18. Bd2 Ra8 19. bxa4 Rxa4 20. Qb3 Ra7 21. Rgb1 Na8 22.
Nc3 Nc7 23. a4 Bh5 24. Nb5 Nxb5 25. axb5 Na5 26. Qa4 b6 27. Nh2 Qd7 28. Qc2 Rc8
29. Qa2 Rcc7 30. Qb2 Nc4 31. Bxc4 dxc4 32. Ra6 Qc8 33. Rba1 Qb8 34. Bb4 Be8 35.
Bxe7 Rxe7 36. Qb4 Rxa6 37. bxa6 Qa7 38. Qxc4 b5 39. Qb4 Rc7 40. d5 exd5 41. Nf3
Rc6 42. Qd4 Rc5 43. Kh2 Rc7 44. Qxd5+ Kh8 45. Qd8 Re7 46. Qxe7 1-0

[Event "Balaguer op 12th"]
[Site "Balaguer"]
[Date "2007.07.23"]
[Round "8"]
[White "Moser, Eva"]
[Black "Narciso Dublan, Marc"]
[Result "1-0"]
[WhiteElo "2424"]
[BlackElo "2552"]
[PlyCount "123"]
[EventDate "2007.07.16"]
[EventType "swiss"]
[EventRounds "10"]
[EventCountry "ESP"]
[SourceTitle "CBM 119 Extra"]
[Source "ChessBase"]
[SourceDate "2007.09.04"]
[SourceVersion "1"]
[SourceVersionDate "2007.09.04"]
[SourceQuality "1"]

1. e4 g6 2. d4 Bg7 3. Nc3 c6 4. Nf3 d6 5. Be2 Nf6 6. O-O O-O 7. h3 Qc7 8. Bf4
Nbd7 9. e5 dxe5 10. Nxe5 Qd8 11. Bf3 Nb6 12. Bh2 Be6 13. Re1 Bh6 14. b3 Rc8 15.
Ne2 Bd5 16. c4 Bxf3 17. Nxf3 Nbd7 18. Nf4 Re8 19. a4 a5 20. Nd3 Nb8 21. Nc5 b6
22. Nd3 Na6 23. Nde5 Nb4 24. Qe2 e6 25. Rad1 Qe7 26. Ng4 Bg7 27. Be5 Rcd8 28.
Nxf6+ Bxf6 29. Qe4 c5 30. dxc5 bxc5 31. Bxf6 Qxf6 32. Ne5 Kg7 33. Nd7 Qe7 34.
Ne5 f6 35. Nc6 Nxc6 36. Qxc6 Rc8 37. Qb5 Rc7 38. Qxa5 Rb8 39. Rxe6 Qf7 40. Rb6
Re8 41. Rbd6 Ree7 42. R6d5 Rb7 43. Qxc5 Rxb3 44. Qxe7 Qxe7 45. Rd7 Kf7 46.
Rxe7+ Kxe7 47. Ra1 Rc3 48. a5 Rxc4 49. a6 Rc8 50. a7 Ra8 51. Ra6 f5 52. Kh2 Kd8
53. Kg3 Kc7 54. Kf4 Kb7 55. Ra2 h6 56. Ke5 f4 57. Kxf4 Rf8+ 58. Kg3 Ka8 59. Ra6
Rg8 60. Kg4 Rg7 61. g3 Rg8 62. h4 1-0

[Event "Balaguer op 12th"]
[Site "Balaguer"]
[Date "2007.07.22"]
[Round "7"]
[White "Lopez Martinez, Josep Manuel"]
[Black "Moser, Eva"]
[Result "1/2-1/2"]
[WhiteElo "2567"]
[BlackElo "2424"]
[PlyCount "43"]
[EventDate "2007.07.16"]
[EventType "swiss"]
[EventRounds "10"]
[EventCountry "ESP"]
[SourceTitle "CBM 119 Extra"]
[Source "ChessBase"]
[SourceDate "2007.09.04"]
[SourceVersion "1"]
[SourceVersionDate "2007.09.04"]
[SourceQuality "1"]

1. e4 c5 2. Nf3 Nc6 3. d4 cxd4 4. Nxd4 Nf6 5. Nc3 e5 6. Ndb5 d6 7. Bg5 a6 8.
Na3 b5 9. Bxf6 gxf6 10. Nd5 f5 11. Bd3 Be6 12. O-O Bxd5 13. exd5 Ne7 14. Re1
Bg7 15. c3 O-O 16. Nc2 f4 17. a4 bxa4 18. Rxa4 a5 19. Na3 f5 20. Nc4 e4 21. Bf1
Ng6 22. Qh5 1/2-1/2

[Event "Balaguer op 12th"]
[Site "Balaguer"]
[Date "2007.07.21"]
[Round "6"]
[White "Moser, Eva"]
[Black "Korneev, Oleg"]
[Result "1/2-1/2"]
[WhiteElo "2424"]
[BlackElo "2565"]
[PlyCount "58"]
[EventDate "2007.07.16"]
[EventType "swiss"]
[EventRounds "10"]
[EventCountry "ESP"]
[SourceTitle "CBM 119 Extra"]
[Source "ChessBase"]
[SourceDate "2007.09.04"]
[SourceVersion "1"]
[SourceVersionDate "2007.09.04"]
[SourceQuality "1"]

1. e4 e5 2. Nf3 Nc6 3. d4 exd4 4. Nxd4 Bc5 5. Nxc6 Qf6 6. Qf3 bxc6 7. Nd2 d6 8.
Bd3 a5 9. O-O Qxf3 10. Nxf3 f6 11. c3 Ba6 12. Bxa6 Rxa6 13. Bd2 Ne7 14. b4 Bb6
15. a4 Ra7 16. Rfb1 Kd7 17. b5 cxb5 18. Rxb5 Nc6 19. Bf4 Re8 20. Nd2 Ne5 21.
Bxe5 Rxe5 22. Rab1 Ra8 23. Kf1 Rae8 24. f3 f5 25. exf5 Re2 26. Ne4 Ra2 27. f6
g6 28. Rxb6 cxb6 29. Rxb6 Kc7 1/2-1/2

[Event "Balaguer op 12th"]
[Site "Balaguer"]
[Date "2007.07.20"]
[Round "5"]
[White "Trepat Herranz, Joan"]
[Black "Moser, Eva"]
[Result "0-1"]
[WhiteElo "2182"]
[BlackElo "2424"]
[PlyCount "66"]
[EventDate "2007.07.16"]
[EventType "swiss"]
[EventRounds "10"]
[EventCountry "ESP"]
[SourceTitle "CBM 119 Extra"]
[Source "ChessBase"]
[SourceDate "2007.09.04"]
[SourceVersion "1"]
[SourceVersionDate "2007.09.04"]
[SourceQuality "1"]

1. d4 f5 2. c4 Nf6 3. Nc3 e6 4. g3 d5 5. Bg2 c6 6. Nf3 Bd6 7. O-O O-O 8. b3
Nbd7 9. Bb2 b6 10. Qc2 Ba6 11. cxd5 cxd5 12. Rfc1 Ne4 13. e3 Ndf6 14. Qd1 Ng4
15. Rc2 Qf6 16. Ne5 Bxe5 17. dxe5 Qh6 18. h3 Nxe3 19. fxe3 Qxe3+ 20. Kh2 Qxg3+
21. Kg1 Qe3+ 22. Kh2 Qg3+ 23. Kg1 Bd3 24. Rac1 Bxc2 25. Rxc2 Qe3+ 26. Kh2 Qg3+
27. Kg1 Rac8 28. Qd4 Nxc3 29. Rxc3 Rxc3 30. Bxc3 f4 31. Kh1 f3 32. Bf1 f2 33.
Qg4 Qxc3 0-1

[Event "Balaguer op 12th"]
[Site "Balaguer"]
[Date "2007.07.19"]
[Round "4"]
[White "Moser, Eva"]
[Black "Garcia Vicente, Nieves"]
[Result "1-0"]
[WhiteElo "2424"]
[BlackElo "2205"]
[PlyCount "123"]
[EventDate "2007.07.16"]
[EventType "swiss"]
[EventRounds "10"]
[EventCountry "ESP"]
[SourceTitle "CBM 119 Extra"]
[Source "ChessBase"]
[SourceDate "2007.09.04"]
[SourceVersion "1"]
[SourceVersionDate "2007.09.04"]
[SourceQuality "1"]

1. e4 e5 2. Nf3 Nc6 3. d4 exd4 4. Nxd4 Nf6 5. Nxc6 bxc6 6. e5 Ne4 7. Bd3 Nc5 8.
O-O d5 9. exd6 Bxd6 10. Qe2+ Be6 11. Bf5 O-O 12. Bxe6 fxe6 13. Nc3 Qh4 14. g3
Qh3 15. Ne4 Qf5 16. Nxc5 Bxc5 17. Be3 Bxe3 18. Qxe3 Qxc2 19. Qxe6+ Kh8 20. Qb3
Qf5 21. Rae1 Rab8 22. Qc3 Qd5 23. Re7 Rf6 24. b3 Qd6 25. Qe5 a6 26. Re1 Rbf8
27. Qxd6 cxd6 28. f4 Rf5 29. Rd7 Rd5 30. Ree7 Rg8 31. Kf2 Rd2+ 32. Re2 Rd1 33.
Re1 Rd2+ 34. Re2 Rd1 35. Kf3 h5 36. Re6 Rd2 37. Re2 Rd3+ 38. Kf2 Rd1 39. Ra7
Rf8 40. Rxa6 c5 41. h4 Rc8 42. Re1 Rd3 43. Re6 d5 44. Rac6 Ra8 45. Re2 c4 46.
bxc4 dxc4 47. Rxc4 Raa3 48. Rc5 Rf3+ 49. Ke1 Rxg3 50. Rxh5+ Kg8 51. Rg5 Rh3 52.
Re7 Rh1+ 53. Kf2 Rxa2+ 54. Kf3 Rf1+ 55. Kg4 Rg1+ 56. Kf5 Rxg5+ 57. hxg5 Kf8 58.
Re6 Ra4 59. Rb6 Ra8 60. Kg6 Kg8 61. f5 Kf8 62. Rb7 1-0

[Event "EU Union-ch 3rd"]
[Site "Arvier"]
[Date "2007.06.24"]
[Round "10"]
[White "Moser, Eva"]
[Black "Brauer, Christian E"]
[Result "1-0"]
[WhiteElo "2405"]
[BlackElo "2132"]
[PlyCount "61"]
[EventDate "2007.06.15"]
[EventType "swiss"]
[EventRounds "10"]
[EventCountry "ITA"]
[SourceTitle "CBM 118 Extra"]
[Source "ChessBase"]
[SourceDate "2007.07.04"]
[SourceVersion "1"]
[SourceVersionDate "2007.07.04"]
[SourceQuality "1"]

1. e4 e6 2. d4 d5 3. Nc3 Nf6 4. e5 Nfd7 5. f4 c5 6. Nf3 Nc6 7. Be3 a6 8. Qd2 b5
9. a3 cxd4 10. Nxd4 Nxd4 11. Bxd4 Bc5 12. Bxc5 Nxc5 13. Qd4 Qb6 14. O-O-O Bb7
15. h4 O-O 16. h5 Nd7 17. Qxb6 Nxb6 18. h6 g6 19. Rh2 Rfd8 20. g3 Kf8 21. Rd4
Ke7 22. Nb1 Rac8 23. Nd2 Nc4 24. Nf3 f6 25. exf6+ Kxf6 26. Ng5 Rd7 27. Bh3 Re7
28. Nf3 Rce8 29. g4 g5 30. fxg5+ Kg6 31. Rf4 1-0

[Event "EU Union-ch 3rd"]
[Site "Arvier"]
[Date "2007.06.23"]
[Round "9"]
[White "Ocantos, Manuel"]
[Black "Moser, Eva"]
[Result "1/2-1/2"]
[WhiteElo "2178"]
[BlackElo "2405"]
[PlyCount "39"]
[EventDate "2007.06.15"]
[EventType "swiss"]
[EventRounds "10"]
[EventCountry "ITA"]
[SourceTitle "CBM 118 Extra"]
[Source "ChessBase"]
[SourceDate "2007.07.04"]
[SourceVersion "1"]
[SourceVersionDate "2007.07.04"]
[SourceQuality "1"]

1. d4 e6 2. c4 f5 3. Nf3 Nf6 4. g3 c6 5. Bg2 d5 6. b3 Bb4+ 7. Nbd2 dxc4 8. bxc4
Bc3 9. Rb1 Bxd4 10. Nxd4 Qxd4 11. Qc2 e5 12. e4 Na6 13. exf5 O-O 14. O-O Qg4
15. h3 Bxf5 16. hxg4 Bxc2 17. Rxb7 Nxg4 18. Bxc6 Rab8 19. Rxa7 Nb4 20. Ba3
1/2-1/2

[Event "EU Union-ch 3rd"]
[Site "Arvier"]
[Date "2007.06.22"]
[Round "8"]
[White "Rombaldoni, Axel"]
[Black "Moser, Eva"]
[Result "1-0"]
[WhiteElo "2221"]
[BlackElo "2405"]
[PlyCount "145"]
[EventDate "2007.06.15"]
[EventType "swiss"]
[EventRounds "10"]
[EventCountry "ITA"]
[SourceTitle "CBM 118 Extra"]
[Source "ChessBase"]
[SourceDate "2007.07.04"]
[SourceVersion "1"]
[SourceVersionDate "2007.07.04"]
[SourceQuality "1"]

1. e4 e6 2. d4 d5 3. Nc3 Nf6 4. Bg5 dxe4 5. Nxe4 Be7 6. Bxf6 gxf6 7. Nf3 f5 8.
Ned2 c5 9. Nb3 cxd4 10. Nfxd4 Nd7 11. g3 Nf6 12. Qf3 Qc7 13. O-O-O a6 14. Bg2
e5 15. Ne2 Ne4 16. h4 a5 17. Nd2 Nc5 18. Qc3 O-O 19. Nc4 f6 20. Ne3 Be6 21. Bd5
Bxd5 22. Nxd5 Qd6 23. Qc4 Kh8 24. Ne3 Qc7 25. Nc3 Qc8 26. Ncd5 Bd8 27. Nxf5
Qxf5 28. Qxc5 Rg8 29. Rd2 Rc8 30. Ne3 Qe6 31. Qd5 Qa6 32. Nf5 Bc7 33. Nh6 Rgf8
34. Rhd1 a4 35. a3 Ba5 36. Rd3 Qb6 37. Nf7+ Kg7 38. Nd6 Rc7 39. Re3 Qa6 40. Qb5
Qxb5 41. Nxb5 Rc5 42. Rd7+ Kg6 43. Nd6 Rd5 44. Rd3 Rxd3 45. cxd3 Bb6 46. g4 h5
47. f3 Rd8 48. Rxd8 Bxd8 49. Nf5 Ba5 50. b3 axb3 51. Kb2 Be1 52. Kxb3 b5 53.
Kc2 Bf2 54. Kc3 Be1+ 55. Kb3 Bd2 56. Nd6 Be1 57. Nxb5 hxg4 58. fxg4 Bxh4 59. a4
f5 60. gxf5+ Kxf5 61. a5 Bd8 62. a6 Bb6 63. Kc4 Kf4 64. a7 Bxa7 65. Nxa7 e4 66.
d4 e3 67. Nc6 e2 68. Nb4 e1=N 69. Nd3+ Nxd3 70. Kxd3 Kf5 71. Kc4 Ke6 72. Kc5
Kd7 73. Kd5 1-0

[Event "EU Union-ch 3rd"]
[Site "Arvier"]
[Date "2007.06.21"]
[Round "7"]
[White "Moser, Eva"]
[Black "Baburin, Alexander"]
[Result "0-1"]
[WhiteElo "2405"]
[BlackElo "2545"]
[PlyCount "166"]
[EventDate "2007.06.15"]
[EventType "swiss"]
[EventRounds "10"]
[EventCountry "ITA"]
[SourceTitle "CBM 118 Extra"]
[Source "ChessBase"]
[SourceDate "2007.07.04"]
[SourceVersion "1"]
[SourceVersionDate "2007.07.04"]
[SourceQuality "1"]

1. e4 Nf6 2. e5 Nd5 3. d4 d6 4. c4 Nb6 5. f4 dxe5 6. fxe5 Nc6 7. Be3 Bf5 8. Nc3
e6 9. Nf3 Be7 10. Be2 O-O 11. O-O f6 12. exf6 Bxf6 13. Qd2 Qe7 14. Rad1 Rad8
15. Qc1 Bg4 16. Ne4 h6 17. Kh1 Nd7 18. Rfe1 Rfe8 19. Nxf6+ Nxf6 20. Ne5 Bxe2
21. Nxc6 bxc6 22. Rxe2 e5 23. Bf4 e4 24. h3 Nh5 25. Bh2 e3 26. Rd3 Qf7 27. b3
Re4 28. Rexe3 Rexd4 29. Rxd4 Rxd4 30. Be5 Rd7 31. Qe1 Qg6 32. Kh2 Re7 33. g4
Qc2+ 34. Re2 Rxe5 35. Rxc2 Rxe1 36. gxh5 Kf7 37. Kg3 Rg1+ 38. Kf4 Rg5 39. Rd2
Ke7 40. Rd3 Rxh5 41. Kg4 Rg5+ 42. Kf4 Rg2 43. a3 a5 44. Ke5 h5 45. Kd4 h4 46.
Re3+ Kd6 47. c5+ Kd7 48. Re4 g5 49. Ke5 Rg3 50. Kf5 Rxh3 51. Rd4+ Kc8 52. Kxg5
Rxb3 53. Rxh4 Rxa3 54. Rc4 Kb7 55. Kf4 Ka6 56. Ke4 Kb5 57. Rc1 a4 58. Kd4 Rh3
59. Rb1+ Rb3 60. Rh1 Rb4+ 61. Kc3 Rc4+ 62. Kb2 Kb4 63. Rh8 a3+ 64. Ka2 Rc2+ 65.
Kb1 Rxc5 66. Ka2 Rc2+ 67. Kb1 Rb2+ 68. Ka1 Rd2 69. Rb8+ Kc4 70. Ra8 Rd3 71. Ka2
c5 72. Rc8 Kb4 73. Rb8+ Ka4 74. Rb7 Rd2+ 75. Ka1 c6 76. Rb6 c4 77. Rxc6 Kb3 78.
Rb6+ Kc2 79. Rh6 c3 80. Ka2 Kc1+ 81. Kxa3 c2 82. Ka2 Rd8 83. Kb3 Kb1 0-1

[Event "EU Union-ch 3rd"]
[Site "Arvier"]
[Date "2007.06.19"]
[Round "5"]
[White "Moser, Eva"]
[Black "Pepino, Enrico"]
[Result "1-0"]
[WhiteElo "2405"]
[BlackElo "2153"]
[PlyCount "59"]
[EventDate "2007.06.15"]
[EventType "swiss"]
[EventRounds "10"]
[EventCountry "ITA"]
[SourceTitle "CBM 118 Extra"]
[Source "ChessBase"]
[SourceDate "2007.07.04"]
[SourceVersion "1"]
[SourceVersionDate "2007.07.04"]
[SourceQuality "1"]

1. d4 Nf6 2. g3 g6 3. Bg2 Bg7 4. e4 d6 5. Ne2 O-O 6. h3 c5 7. c3 e5 8. O-O Nc6
9. Be3 Qe7 10. Nd2 Bd7 11. d5 Nd8 12. b4 b6 13. bxc5 bxc5 14. Rb1 Nh5 15. g4 f5
16. f3 fxg4 17. fxg4 Nf4 18. Nxf4 exf4 19. Rxf4 Rxf4 20. Bxf4 Bxc3 21. Nc4 Bd4+
22. Kh1 Nf7 23. Rb7 Qf6 24. Bg3 Bc8 25. Rxf7 Kxf7 26. Nxd6+ Kg8 27. Nc4 Ba6 28.
e5 Qg7 29. d6 Re8 30. Qa4 1-0

[Event "EU Union-ch 3rd"]
[Site "Arvier"]
[Date "2007.06.18"]
[Round "4"]
[White "Calandri, Fausto"]
[Black "Moser, Eva"]
[Result "1/2-1/2"]
[WhiteElo "2144"]
[BlackElo "2405"]
[PlyCount "88"]
[EventDate "2007.06.15"]
[EventType "swiss"]
[EventRounds "10"]
[EventCountry "ITA"]
[SourceTitle "CBM 118 Extra"]
[Source "ChessBase"]
[SourceDate "2007.07.04"]
[SourceVersion "1"]
[SourceVersionDate "2007.07.04"]
[SourceQuality "1"]

1. e4 c5 2. Nf3 Nc6 3. d4 cxd4 4. Nxd4 Nf6 5. Nc3 e5 6. Ndb5 d6 7. Bg5 a6 8.
Na3 b5 9. Bxf6 gxf6 10. Nd5 f5 11. Bd3 Be6 12. O-O Bxd5 13. exd5 Ne7 14. Nxb5
Bg7 15. Nc3 e4 16. Bc4 O-O 17. Qh5 Qc8 18. Bb3 Ng6 19. f4 Bxc3 20. bxc3 a5 21.
a4 Qxc3 22. Qxf5 e3 23. Qd3 Nxf4 24. Qxc3 Ne2+ 25. Kh1 Nxc3 26. Rf3 Rfe8 27.
Re1 Rab8 28. Kg1 Rb4 29. Rfxe3 Rxe3 30. Rxe3 Nxa4 31. Re8+ Kg7 32. Ra8 Nc5 33.
Rxa5 Kf6 34. Ra7 h6 35. g3 Nxb3 36. cxb3 Rxb3 37. Rd7 Ke5 38. Rxf7 Kxd5 39. Rh7
Ke4 40. Rxh6 d5 41. Re6+ Kf3 42. Rf6+ Ke3 43. Re6+ Kf3 44. Rf6+ Ke3 1/2-1/2

[Event "EU Union-ch 3rd"]
[Site "Arvier"]
[Date "2007.06.17"]
[Round "3"]
[White "Moser, Eva"]
[Black "Sedlak, Nikola"]
[Result "0-1"]
[WhiteElo "2405"]
[BlackElo "2575"]
[PlyCount "64"]
[EventDate "2007.06.15"]
[EventType "swiss"]
[EventRounds "10"]
[EventCountry "ITA"]
[SourceTitle "CBM 118 Extra"]
[Source "ChessBase"]
[SourceDate "2007.07.04"]
[SourceVersion "1"]
[SourceVersionDate "2007.07.04"]
[SourceQuality "1"]

1. d4 d5 2. c4 c6 3. e3 Nf6 4. Nf3 Bg4 5. h3 Bxf3 6. Qxf3 e6 7. Nc3 Nbd7 8. Bd2
Bd6 9. g4 Bb4 10. Bd3 dxc4 11. Bxc4 O-O 12. O-O-O Nd5 13. e4 N5b6 14. Bb3 c5
15. d5 c4 16. Bc2 e5 17. g5 Nc8 18. h4 Nd6 19. Qg3 Re8 20. h5 Bxc3 21. Bxc3 Nb5
22. g6 fxg6 23. hxg6 h6 24. Ba4 a6 25. Bxb5 axb5 26. f4 Rxa2 27. fxe5 b4 28.
Bxb4 Qb6 29. Bc3 Nc5 30. Qg2 Nd3+ 31. Rxd3 cxd3 32. Qf3 Rf8 0-1

[Event "EU Union-ch 3rd"]
[Site "Arvier"]
[Date "2007.06.16"]
[Round "2"]
[White "Moser, Eva"]
[Black "Raineri, Valerio"]
[Result "1-0"]
[WhiteElo "2405"]
[BlackElo "2123"]
[PlyCount "86"]
[EventDate "2007.06.15"]
[EventType "swiss"]
[EventRounds "10"]
[EventCountry "ITA"]
[SourceTitle "CBM 118 Extra"]
[Source "ChessBase"]
[SourceDate "2007.07.04"]
[SourceVersion "1"]
[SourceVersionDate "2007.07.04"]
[SourceQuality "1"]

1. d4 Nf6 2. g3 g6 3. Bg2 Bg7 4. e4 O-O 5. Ne2 d6 6. h3 e5 7. Nbc3 Nc6 8. Be3
Ne7 9. dxe5 dxe5 10. Qxd8 Rxd8 11. Nb5 Ne8 12. Nxa7 Bd7 13. Nc3 Nd6 14. Bf1
Rxa7 15. Bxa7 b6 16. O-O-O Bc6 17. Bb5 Bf8 18. a4 Bxb5 19. Nxb5 Nc6 20. c3 Nxa7
21. Nxa7 Ra8 22. Nc6 Nxe4 23. Rhf1 Bd6 24. Rde1 f5 25. b3 Nc5 26. Kc2 e4 27.
Rd1 Re8 28. g4 f4 29. Nd4 Kf7 30. f3 e3 31. Ne2 g5 32. Ra1 Ra8 33. Rfd1 Nd7 34.
Rf1 Ne5 35. h4 h5 36. gxh5 Rh8 37. hxg5 Rxh5 38. Rh1 Rxg5 39. Nxf4 Nxf3 40.
Raf1 Nd2 41. Nh3+ Nxf1 42. Nxg5+ Kg6 43. Rxf1 Kxg5 1-0

[Event "EU Union-ch 3rd"]
[Site "Arvier"]
[Date "2007.06.15"]
[Round "1"]
[White "De Marco, Walter"]
[Black "Moser, Eva"]
[Result "0-1"]
[WhiteElo "1992"]
[BlackElo "2405"]
[PlyCount "134"]
[EventDate "2007.06.15"]
[EventType "swiss"]
[EventRounds "10"]
[EventCountry "ITA"]
[SourceTitle "CBM 118 Extra"]
[Source "ChessBase"]
[SourceDate "2007.07.04"]
[SourceVersion "1"]
[SourceVersionDate "2007.07.04"]
[SourceQuality "1"]

1. Nf3 e6 2. b3 f5 3. Bb2 Nf6 4. e3 b6 5. Be2 Bb7 6. c4 Be7 7. O-O O-O 8. Nc3
Qe8 9. Nb5 Na6 10. d4 Kh8 11. Rc1 d6 12. a3 Qg6 13. Ne1 Qh6 14. Nc2 Be4 15. Bf3
c6 16. Nc3 d5 17. Qe2 Bd6 18. g3 Bxf3 19. Qxf3 Rae8 20. Ne1 g5 21. Nd3 Nb8 22.
c5 Bc7 23. cxb6 axb6 24. Nb5 Qg7 25. Nxc7 Qxc7 26. Ne5 Qb7 27. b4 b5 28. Rc2
Nfd7 29. Nxd7 Nxd7 30. Rfc1 Rc8 31. Qh5 g4 32. Qh6 Rf6 33. Qf4 Nb8 34. Qd6 Qc7
35. Qc5 Qb7 36. Qd6 Kg7 37. Kg2 Kf7 38. Kf1 Rg6 39. Kg2 Rgg8 40. Rc3 Qe7 41.
Qc5 Rc7 42. R3c2 Ra7 43. Rc3 h5 44. R3c2 Ra6 45. Qxe7+ Kxe7 46. f3 gxf3+ 47.
Kxf3 Kd6 48. Rg2 Nd7 49. h3 Nf6 50. Rcg1 Ra7 51. Rc1 Ne4 52. Ra1 Rag7 53. Rag1
Ng5+ 54. Ke2 Nxh3 55. Rh1 Rxg3 56. Rxg3 Rxg3 57. Bc3 f4 58. Be1 Rxe3+ 59. Kd2
Ng5 60. Kc2 Nf3 61. Bc3 h4 62. Rf1 h3 63. Bd2 Nxd2 64. Kxd2 h2 65. Rh1 Rxa3 66.
Ke2 Rb3 67. Kf2 Rxb4 0-1

[Event "Liechtenstein op 25th"]
[Site "Triesen"]
[Date "2007.05.19"]
[Round "9"]
[White "Seps, Monika"]
[Black "Moser, Eva"]
[Result "0-1"]
[WhiteElo "2265"]
[BlackElo "2405"]
[PlyCount "172"]
[EventDate "2007.05.11"]
[EventType "swiss"]
[EventRounds "9"]
[EventCountry "LIE"]
[SourceTitle "CBM 118 Extra"]
[Source "ChessBase"]
[SourceDate "2007.07.04"]
[SourceVersion "1"]
[SourceVersionDate "2007.07.04"]
[SourceQuality "1"]

1. e4 e6 2. d4 d5 3. Nd2 c5 4. exd5 exd5 5. Ngf3 Nf6 6. Bb5+ Bd7 7. Qe2+ Be7 8.
O-O O-O 9. dxc5 Bxc5 10. Nb3 Re8 11. Qd3 a6 12. Bxd7 Nbxd7 13. Bg5 Ba7 14. c3
Qc7 15. Rad1 Re4 16. Bh4 Ne5 17. Nxe5 Rxh4 18. Nf3 Re4 19. Nbd4 Rae8 20. Ng5
Rg4 21. Ngf3 Rge4 22. Ng5 R4e7 23. Qg3 Qxg3 24. hxg3 Bxd4 25. Rxd4 Re2 26. Rb4
R8e7 27. Nf3 g6 28. Nd4 Rd2 29. Nf3 Rde2 30. Nd4 R2e4 31. Rb6 Kg7 32. f3 Re3
33. Kf2 h5 34. Rd1 R3e5 35. Rd2 Ne8 36. Nb3 Rc7 37. Na5 d4 38. Nxb7 Rb5 39.
Rxb5 axb5 40. Re2 Nf6 41. Nd6 dxc3 42. bxc3 Rxc3 43. Nxb5 Rc4 44. Nd6 Rd4 45.
Ne8+ Nxe8 46. Rxe8 Ra4 47. Re2 Ra3 48. Ke1 g5 49. Kd1 g4 50. Rf2 f5 51. Kc1 f4
52. fxg4 fxg3 53. Re2 h4 54. Kb2 Rf3 55. Kc2 Rf2 56. Kd3 h3 57. gxh3 g2 58.
Rxf2 g1=Q 59. Ke3 Kg6 60. Kf3 Kg5 61. Rg2 Qe1 62. Re2 Qf1+ 63. Rf2 Qxh3+ 64.
Ke2 Qxg4+ 65. Ke3 Qg3+ 66. Ke2 Qc3 67. Rf3 Qc2+ 68. Ke3 Qxa2 69. Rg3+ Kf5 70.
Rf3+ Ke5 71. Rg3 Qb3+ 72. Kf2 Qc2+ 73. Ke3 Qc3+ 74. Kf2 Qd2+ 75. Kf3 Kf5 76.
Rg2 Qd3+ 77. Kf2 Kf4 78. Kg1 Qe3+ 79. Kf1 Qh3 80. Kg1 Kf3 81. Rf2+ Ke3 82. Rg2
Qh4 83. Rh2 Qe1+ 84. Kg2 Qf2+ 85. Kh3 Qf3+ 86. Kh4 Kf4 0-1

[Event "Liechtenstein op 25th"]
[Site "Triesen"]
[Date "2007.05.17"]
[Round "7"]
[White "Duhayon, Yves"]
[Black "Moser, Eva"]
[Result "1/2-1/2"]
[WhiteElo "2234"]
[BlackElo "2405"]
[PlyCount "74"]
[EventDate "2007.05.11"]
[EventType "swiss"]
[EventRounds "9"]
[EventCountry "LIE"]
[SourceTitle "CBM 118 Extra"]
[Source "ChessBase"]
[SourceDate "2007.07.04"]
[SourceVersion "1"]
[SourceVersionDate "2007.07.04"]
[SourceQuality "1"]

1. d4 c5 2. d5 d6 3. c4 e5 4. e4 Be7 5. Nf3 Bg4 6. Nbd2 Nf6 7. h3 Bd7 8. Bd3
O-O 9. g4 Na6 10. Nf1 Nb4 11. Ng3 b5 12. Be2 bxc4 13. Bxc4 Na6 14. Qe2 Nc7 15.
Nf5 Nfe8 16. h4 g6 17. Nh6+ Kh8 18. Ng5 Bxg5 19. hxg5 f6 20. f4 fxg5 21. fxg5
Qe7 22. Be3 Rb8 23. O-O-O Nb5 24. Rdf1 Nec7 25. Rf6 Nd4 26. Qf2 Kg7 27. Rf1 Bb5
28. Bxb5 Ncxb5 29. Qg2 Kh8 30. Rf7 Rxf7 31. Rxf7 Qd8 32. Qf2 a5 33. Bxd4 Nxd4
34. Ra7 Qf8 35. Nf7+ Kg8 36. Nh6+ Kh8 37. Nf7+ Kg8 1/2-1/2